Famous Movie Quotes - Statistics

General Stats
  • This quiz has been taken 184 times
  • The average score is 27 of 55
Answer Stats
Quote Movie % Correct
May the force be with you. Star Wars
84%
The first rule of ...: you do not talk about ... Fight Club
80%
Who you gonna call? Ghostbusters
79%
Mama always said, life is like a box of chocolates. You never know what you're gonna get. Forrest Gump
75%
I've got a feeling we're not in Kansas anymore. The Wizard of Oz
75%
I'll be back. The Terminator
74%
Supercalifragilisticexpialidocious. Mary Poppins
71%
Myyy preciousss The Lord of the Rings
71%
You're gonna need a bigger boat. Jaws
70%
Heeeeere's Johnny! The Shining
70%
Ogres are like onions. Onions have layers. Ogres have layers. Shrek
69%
With great power comes great responsibility. Spider-Man
69%
Why so serious? The Dark Knight
69%
Houston, we have a problem. Apollo 13
66%
Elementary, my dear Watson. Sherlock Holmes
66%
A martini. Shaken, not stirred. James Bond
65%
Happy ..., and may the odds be ever in your favor. The Hunger Games
64%
Keep the change, ya filthy animal! Home Alone
63%
It's alive! It's alive! Frankenstein
59%
Are you not entertained?! Gladiator
59%
This... is... Sparta! 300
58%
I'm gonna make him an offer he can't refuse. The Godfather
57%
I see dead people. The Sixth Sense
55%
I ate his liver with some fava beans and a nice chianti. The Silence of the Lambs
52%
You talkin' to me? Taxi Driver
49%
But what we found out is that each one of us is a brain. And an athlete. And a basket case. And a princess. And a criminal. The Breakfast Club
48%
I feel the need... the need for speed! Top Gun
48%
Nobody puts baby in a corner. Dirty Dancing
47%
You can't handle the truth! A Few Good Men
46%
Great Scott! Back to the Future
46%
Say hello to my little friend! Scarface
46%
What's in the box?! SE7EN
46%
We are the knights who say... Ni. Monty Python and the Holy Grail
45%
I love the smell of napalm in the morning. Apocalypse Now
44%
Oh my God, Karen, you can't just ask people why they're white. Mean Girls
44%
Frankly, my dear, I don't give a damn. Gone with the Wind
42%
I have become Death, destroyer of worlds. Oppenheimer
42%
Surely you can't be serious?I am serious. And don't call me Shirley. Airplane!
41%
Rosebud. Citizen Kane
41%
Open the pod bay doors, HAL. 2001: A Space Odyssey
37%
Carpe diem. Seize the days, boys. Make your lives extraordinary. Dead Poets Society
36%
I'll have what she's having. When Harry Met Sally.
36%
You've got to ask yourself one question: "Do I feel lucky"? Well, do ya, punk? Dirty Harry
34%
I think this is the beginning of a beautiful friendship. Casablanca
31%
Get off my plane! Air Force One
28%
You keep using that word. I do not think it means what you think it means. The Princess Bride
28%
STELLAAA! HEY, STELLAAA! A Streetcar Named Desire
27%
Gentleman, you can't fight in here! This is the War Room! Dr. Strangelove
22%
That rug really tied the room together. The Big Lebowski
21%
Go ahead, make my day. Dirty Harry
20%
I'm too old for this shit. Lethal Weapon
19%
I drink your milkshake. There Will Be Blood
19%
I'm kind of a big deal. Anchorman
16%
We all go a little mad sometimes. Psycho
16%
I'm mad as hell, and I'm not going to take this anymore! Network
12%
No matching quizzes found
Score Distribution
Percent of People with Each Score
Percentile by Number Answered
Your Score History
You have not taken this quiz